Statistiques concernant Un personnage Wakfu par classe - Quiz d'images #2

Cliquez ici pour prendre le quiz!

Statistiques générales

  • Ce quiz a été pris 24 fois
  • Le résultat moyen est 7 sur 12

Statistiques - réponses

Réponse% Correct
Amalia Sheran Sharm
100%
Evangelyne
95%
Alibert
90%
Elely
76%
Harebourg
67%
Maude
67%
Ush Galesh
62%
Coqueline
33%
Pandiego
24%
Black Bump
14%
Nauséa
14%
Katar
10%

Distribution des résultats

Percentile par nombre de réponses

% des personnes avec chaque résultat

Votre développement - résultats

Vous n’avez pas pris ce quiz